[Event "Tch-CRO 1stA liga 2017"]
[Site "Mali Losinj"]
[Date "2017.10.06"]
[Round "9.51"]
[White "Cheparinov, Ivan"]
[Black "Rogic, Davor"]
[Result "1-0"]
[WhiteElo "2695"]
[BlackElo "2511"]
[PlyCount "101"]
[EventDate "2017.??.??"]
[EventCountry "CRO"]

1. d4 d5 2. c4 c6 3. Nf3 Nf6 4. Nc3 e6 5. g3 Nbd7 6. Bg2 Be7 7. O-O O-O 8. b3
b6 9. Bb2 Ba6 10. a4 Qc7 11. Rc1 Rad8 12. cxd5 exd5 13. Nh4 Rfe8 14. Nf5 Bf8
15. Nb5 Bxb5 16. axb5 Nb8 17. Qd3 Qb7 18. Ra1 g6 19. Nh4 Ne4 20. Nf3 cxb5 21.
Qxb5 Nd6 22. Qd3 Nc6 23. Rfc1 Nb4 24. Qd1 a5 25. Ne5 Ne4 26. e3 f6 27. Nd3 Na6
28. Bh3 Bd6 29. Qe2 Re7 30. Rc2 Rde8 31. Rac1 f5 32. Bf1 h5 33. Ne5 Nb4 34.
Nxg6 Rh7 35. Qb5 Rd8 36. Re2 Rg7 37. Ne5 h4 38. Bg2 hxg3 39. fxg3 Rc7 40. Ree1
Bf8 41. Rxc7 Qxc7 42. Rc1 Qd6 43. Qe2 Bh6 44. Ba3 Qf6 45. Bxb4 Qg5 46. Be7 Qxe7
47. Rc6 Nf6 48. Bh3 Qg7 49. Bxf5 Qg5 50. Be6+ Kf8 51. Rc7 1-0

[Event "Tch-CRO 1stA liga 2017"]
[Site "Mali Losinj"]
[Date "2017.10.06"]
[Round "9.52"]
[White "Dabo-Peranic, Robert"]
[Black "Hracek, Zbynek"]
[Result "0-1"]
[WhiteElo "2341"]
[BlackElo "2610"]
[PlyCount "66"]
[EventDate "2017.??.??"]
[EventCountry "CRO"]

1. e4 c5 2. Nf3 d6 3. d4 cxd4 4. Nxd4 Nf6 5. Nc3 a6 6. Bg5 Nbd7 7. Bc4 Qb6 8.
O-O e6 9. Qd2 Qxb2 10. Rae1 Qb4 11. Bb3 Be7 12. f4 h6 13. Bh4 Nc5 14. Nf3 Bd7
15. e5 dxe5 16. fxe5 Nxb3 17. cxb3 Nh7 18. Re4 Qb6+ 19. Bf2 Bc5 20. Bxc5 Qxc5+
21. Kh1 Ng5 22. Qf4 Qe7 23. Nxg5 hxg5 24. Qf2 Bc6 25. Rd4 Rh4 26. Rd6 Rf4 27.
Qe2 Rxf1+ 28. Qxf1 Rd8 29. Qd3 Rxd6 30. exd6 Qf6 31. Kg1 Kd7 32. h3 Qe5 33. Qd2
Qxd6 0-1

[Event "Tch-CRO 1stA liga 2017"]
[Site "Mali Losinj"]
[Date "2017.10.06"]
[Round "9.53"]
[White "Leventic, Ivan"]
[Black "Rubil, Marko"]
[Result "1/2-1/2"]
[WhiteElo "2411"]
[BlackElo "2298"]
[PlyCount "55"]
[EventDate "2017.??.??"]
[EventCountry "CRO"]

1. e4 e5 2. Nf3 Nc6 3. Bb5 a6 4. Ba4 Nf6 5. O-O Be7 6. Re1 b5 7. Bb3 O-O 8. d4
Nxd4 9. Nxd4 exd4 10. e5 Ne8 11. Qxd4 Bb7 12. c4 c5 13. Qg4 d6 14. Bf4 bxc4 15.
Bxc4 d5 16. Bf1 f5 17. Qg3 Kh8 18. Qb3 Bc6 19. e6 Rf6 20. Nd2 Nc7 21. Be5 Rg6
22. Qb6 Nxe6 23. Qxc6 Ng5 24. Qc7 Nh3+ 25. Kh1 Nxf2+ 26. Kg1 Nh3+ 27. Kh1 Nf2+
28. Kg1 1/2-1/2

[Event "Tch-CRO 1stA liga 2017"]
[Site "Mali Losinj"]
[Date "2017.10.06"]
[Round "9.54"]
[White "Matanovic, Luka"]
[Black "Zivkovic, Vjekoslav"]
[Result "1/2-1/2"]
[WhiteElo "2211"]
[BlackElo "2358"]
[PlyCount "41"]
[EventDate "2017.??.??"]
[EventCountry "CRO"]

1. e4 c5 2. Nf3 d6 3. d4 cxd4 4. Qxd4 a6 5. Be3 Nc6 6. Qb6 Qxb6 7. Bxb6 Nf6 8.
Nc3 Bg4 9. Be2 Rc8 10. O-O-O g6 11. h3 Bxf3 12. Bxf3 Bg7 13. Nd5 Nd7 14. Be3 e6
15. Nb6 Nxb6 16. Bxb6 Ke7 17. c3 Ne5 18. Bd4 Nxf3 19. Bxg7 Rhg8 20. Bd4 Nxd4
21. Rxd4 1/2-1/2

[Event "Tch-CRO 1stA liga 2017"]
[Site "Mali Losinj"]
[Date "2017.10.06"]
[Round "9.55"]
[White "Mrkonjic, Nenad"]
[Black "Vukelic, Tomislav"]
[Result "1/2-1/2"]
[WhiteElo "2351"]
[BlackElo "2226"]
[PlyCount "125"]
[EventDate "2017.??.??"]
[EventCountry "CRO"]

1. d4 Nf6 2. c4 e6 3. Nc3 d5 4. Bg5 Nbd7 5. e3 Be7 6. Nf3 h6 7. Bh4 O-O 8. Rc1
c6 9. Qc2 b6 10. Be2 Bb7 11. cxd5 Nxd5 12. Bxe7 Qxe7 13. Nxd5 cxd5 14. O-O Rfc8
15. Qa4 a6 16. a3 Qd6 17. Nd2 Nf6 18. Qb3 Ne4 19. Nf3 Rc7 20. Qa2 Rac8 21. Qb1
b5 22. Bd3 Qb6 23. Rfd1 Qa5 24. Rxc7 Qxc7 25. Nd2 Nxd2 26. Rxd2 Qc1+ 27. Rd1
Qc7 28. g3 Qc6 29. Rd2 Qc1+ 30. Rd1 Qc6 31. Rf1 Rc7 32. Qe1 Qb6 33. Qd2 Qc6 34.
Qa5 Rc8 35. Qb4 Rc7 36. h4 f5 37. Ra1 Bc8 38. Kf1 Bd7 39. Ke1 Be8 40. Be2 Qb6
41. Qd2 Qc6 42. Kd1 Kf8 43. b4 Ke7 44. Rc1 Qxc1+ 45. Qxc1 Rxc1+ 46. Kxc1 Kf6
47. a4 g6 48. Kd2 Bd7 49. a5 Bc6 50. Bd3 Bb7 51. Ke2 Bc6 52. Kf3 Be8 53. g4 Bd7
54. Kg3 Bc8 55. f3 fxg4 56. Kxg4 e5+ 57. Kg3 exd4 58. exd4 Bf5 59. Be2 Bd7 60.
Bf1 h5 61. f4 Bf5 62. Be2 Ke7 63. Bf1 1/2-1/2

[Event "Tch-CRO 1stA liga 2017"]
[Site "Mali Losinj"]
[Date "2017.10.06"]
[Round "9.56"]
[White "Martic, Zlatko"]
[Black "Feletar, Darko"]
[Result "1/2-1/2"]
[WhiteElo "2276"]
[BlackElo "2370"]
[PlyCount "43"]
[EventDate "2017.??.??"]
[EventCountry "CRO"]

1. d4 d5 2. c4 dxc4 3. Nf3 a6 4. e4 b5 5. a4 Bb7 6. Nc3 c6 7. axb5 cxb5 8. b3
cxb3 9. Qxb3 Nd7 10. Nxb5 axb5 11. Rxa8 Qxa8 12. Bxb5 Bc6 13. Bxc6 Qxc6 14. O-O
e6 15. Ne5 Qb6 16. Qa4 Qb7 17. Nxd7 Qxd7 18. Qa8+ Qd8 19. Qa4+ Qd7 20. Qa8+ Qd8
21. Qa4+ Qd7 22. Qa8+ 1/2-1/2